000 00510nam a2200205Ia 4500
003 LK-CoDNM
005 20240321092407.0
008 010623t1913 xxu||||| |||| 00| 1 eng d
040 _aLK-CoDNM
_dLK-CoDNM
_eLK-CoDNM
041 _aeng
080 _aA79
100 _aAndersen,Dines
245 _aThe Sutta Nipata
260 _bThe Pali Text Society
_aLondon
_c1913
300 _bDamaged
_axiii,226p.,21 cm
650 _aBuddhism
650 _aSuthra pitaka
700 _aSmith,Helmer
_eed..
942 _cBK
999 _c87766
_d87766